| 000 | 01113cam a2200349 a 4500 | ||
|---|---|---|---|
| 001 | 638861 | ||
| 003 | Ost | ||
| 005 | 20140310182133.0 | ||
| 008 | 930126s1992 ilua 001 0 eng | ||
| 010 | _a 93107308 | ||
| 020 | _a0028007689 (math text) | ||
| 020 | _a002800762X | ||
| 020 | _a0028007719 | ||
| 040 |
_aDLC _cDLC _dDLC |
||
| 050 | 0 | 0 |
_aTK 7816 _b.G75 1959 |
| 082 | 0 | 0 |
_aHS 621 _bG89 1993 |
| 100 | 1 |
_aGrob, Bernard. _914801 |
|
| 245 | 1 | 0 |
_aGrob basic electronics / _cBernard Grob. |
| 250 | _a7th ed. | ||
| 260 |
_aLake Forest, Ill. : _bGlencoe, _cc1959. |
||
| 300 |
_a930 p. : _bill. ; _c27 cm. |
||
| 500 | _aIncludes bibliographical references and index. | ||
| 521 | _a | ||
| 526 | _c | ||
| 650 | 0 |
_aElectronics. _913597 |
|
| 856 | 4 | 2 |
_3Publisher description _uhttp://www.loc.gov/catdir/enhancements/fy0602/93107308-d.html |
| 856 | 4 | 1 |
_3Table of contents only _uhttp://www.loc.gov/catdir/enhancements/fy0602/93107308-t.html |
| 906 |
_a7 _bcbc _corignew _d1 _encip _f19 _gy-gencatlg |
||
| 942 |
_2lcc _cHS _k |
||
| 999 |
_c9717 _d9717 |
||